Impacto de los precios del petróleo en Costa Rica /
Guardat en:
| Autor principal: | |
|---|---|
| Altres autors: | , , |
| Format: | Text |
| Matèries: | |
| Etiquetes: |
Afegir etiqueta
Sense etiquetes, Sigues el primer a etiquetar aquest registre!
|
MARC
| LEADER | 00000 a a2200000 04500 | ||
|---|---|---|---|
| 001 | 3005 | ||
| 003 | |||
| 040 | |||
| 100 | |a Hoffmaister, Alexander W. | ||
| 245 | |a Impacto de los precios del petróleo en Costa Rica / |c Alexander W. Hoffmaister ; Ivannia Solano ; Alvaro Solera ; Katia Vindas | ||
| 650 | |a PRECIOS DEL PETROLEO | ||
| 650 | |a ECONOMIA | ||
| 650 | |a COSTA RICA | ||
| 700 | |a Solano, Ivannia | ||
| 700 | |a Solera, Alvaro | ||
| 700 | |a Vindas, Katia | ||
| 773 | |g volumen 19, número 1 -2; páginas 195-221 | ||
| 999 | |c 38420 |d 38420 | ||
